[Event "Quebec op 3e RIDEF"]
[Site "Montreal CAN"]
[Date "2015.07.21"]
[Round "5.19"]
[White "Ouellet, Maili-Jade"]
[Black "Sambuev, Bator"]
[Result "0-1"]
[WhiteElo "1783"]
[BlackElo "2532"]
[PlyCount "120"]
[EventDate "2015.07.17"]
[EventType "swiss"]
[EventRounds "9"]
[EventCountry "CAN"]

1. d4 d6 2. c4 e5 3. e3 Nd7 4. Nc3 g6 5. Nf3 Bg7 6. Be2 Ngf6 7. O-O O-O 8. Rb1
Re8 9. b4 e4 10. Nd2 Nf8 11. Qc2 Bf5 12. Nb3 h5 13. d5 Ng4 14. h3 Ne5 15. Nxe4
Nxc4 16. Bd3 Ne5 17. Be2 Nh7 18. f4 Nc4 19. Bd3 Bxe4 20. Bxe4 b5 21. Qd3 Qb8
22. Bf3 Qb6 23. Re1 Re7 24. Kh1 Rae8 25. e4 f5 26. Bd2 Nxd2 27. Nxd2 Qd4 28.
Qc2 Qc3 29. Qd1 Nf6 30. Rb3 Qd4 31. Qc2 fxe4 32. Rbe3 Nxd5 33. Rxe4 Rxe4 34.
Rxe4 Rxe4 35. Bxe4 Nxf4 36. Nf3 Qc4 37. Bxg6 Qxc2 38. Bxc2 Bc3 39. g3 Ne2 40.
Kg2 Bxb4 41. Bg6 Nc1 42. Nd4 a6 43. Bxh5 Nxa2 44. Bd1 Nc1 45. Nc6 Bd2 46. g4
Kg7 47. h4 Bc3 48. Ne7 b4 49. Bc2 b3 50. Be4 a5 51. g5 Ne2 52. Kf2 Nf4 53. Ke3
Be5 54. Nf5+ Kf8 55. Nd4 a4 56. Nb5 d5 57. Bf3 c5 58. h5 c4 59. Kd2 d4 60. Be4
c3+ 0-1

[Event "Quebec op 3e RIDEF"]
[Site "Montreal CAN"]
[Date "2015.07.22"]
[Round "6.11"]
[White "Sambuev, Bator"]
[Black "Mossong, Hubert"]
[Result "1-0"]
[WhiteElo "2532"]
[BlackElo "2086"]
[PlyCount "73"]
[EventDate "2015.07.17"]
[EventType "swiss"]
[EventRounds "9"]
[EventCountry "CAN"]

1. d4 d6 2. e4 Nf6 3. Nc3 c6 4. g3 Qc7 5. Bg2 e5 6. Nge2 Be7 7. O-O O-O 8. a4
a5 9. h3 Be6 10. f4 Na6 11. d5 Qb6+ 12. Kh1 cxd5 13. exd5 Bd7 14. g4 Ne8 15. f5
Bh4 16. Ne4 Nc5 17. Be3 Qc7 18. Nxc5 dxc5 19. Nc3 Nd6 20. Ne4 Nxe4 21. Bxe4 Be7
22. g5 g6 23. c4 Bd6 24. Qc2 Kg7 25. Rf3 Ra6 26. Raf1 Qc8 27. h4 Bb8 28. f6+
Kh8 29. h5 Bg4 30. hxg6 Bxf3+ 31. Rxf3 fxg6 32. Kg2 Qe8 33. Rh3 Kg8 34. Bxc5
Bd6 35. Bxd6 Rxd6 36. c5 Rd7 37. d6 1-0

[Event "Quebec op 3e RIDEF"]
[Site "Montreal CAN"]
[Date "2015.07.23"]
[Round "7.6"]
[White "Onkoud, Abdelaziz"]
[Black "Sambuev, Bator"]
[Result "0-1"]
[WhiteElo "2308"]
[BlackElo "2532"]
[PlyCount "90"]
[EventDate "2015.07.17"]
[EventType "swiss"]
[EventRounds "9"]
[EventCountry "CAN"]

1. d4 Nf6 2. Nf3 c5 3. e3 g6 4. c3 b6 5. Nbd2 Bb7 6. Bd3 Bg7 7. O-O O-O 8. Re1
d6 9. e4 e6 10. Nf1 Nbd7 11. Ng3 Qc7 12. h3 a6 13. Be3 b5 14. Qd2 Nb6 15. Bh6
Ne8 16. Bxg7 Nxg7 17. Qh6 f6 18. h4 e5 19. Rad1 Ne6 20. Ne2 Rad8 21. d5 Qg7 22.
Qe3 Nc7 23. b4 Nd7 24. a4 bxa4 25. Nd2 f5 26. f3 fxe4 27. Nxe4 Nxd5 28. Bc4
N7b6 29. Ba2 Kh8 30. Qf2 c4 31. N2g3 Qc7 32. Bb1 Nf4 33. h5 gxh5 34. Ne2 Nbd5
35. Nxf4 Nxf4 36. Kh2 Bxe4 37. Bxe4 d5 38. Bc2 Qg7 39. g3 Ne6 40. Qe3 h4 41.
Qxe5 hxg3+ 42. Qxg3 Qh6+ 43. Qh3 Qxh3+ 44. Kxh3 Rxf3+ 45. Kg4 Rf6 0-1

[Event "Quebec op 3e RIDEF"]
[Site "Montreal CAN"]
[Date "2015.07.24"]
[Round "8.4"]
[White "Sambuev, Bator"]
[Black "Fargere, Francois"]
[Result "0-1"]
[WhiteElo "2532"]
[BlackElo "2420"]
[PlyCount "100"]
[EventDate "2015.07.17"]
[EventType "swiss"]
[EventRounds "9"]
[EventCountry "CAN"]

1. e4 c5 2. Ne2 Nc6 3. d4 cxd4 4. Nxd4 e6 5. Nc3 Qc7 6. Be3 a6 7. Qf3 Nf6 8.
O-O-O Be7 9. Be2 O-O 10. g4 b5 11. g5 Ne8 12. Nf5 Bb4 13. Bf4 Qa5 14. Nd6 Nxd6
15. Bxd6 Bxd6 16. Rxd6 b4 17. Nb1 Qxa2 18. Qb3 Qa5 19. Qg3 Qa1 20. Rhd1 a5 21.
Bb5 Na7 22. Bxd7 a4 23. R1d3 Bxd7 24. Rxd7 Nb5 25. Rb7 a3 26. bxa3 bxa3 27.
Rxb5 a2 28. Qd6 g6 29. Rbb3 Qg7 30. Ra3 a1=Q 31. Rxa1 Qxa1 32. Rb3 Rfd8 33. Qf4
e5 34. Qe3 Rd4 35. f3 Rad8 36. Qe2 Kg7 37. h4 h5 38. gxh6+ Kxh6 39. Qe3+ Kg7
40. Qe2 R8d7 41. Qe1 R7d6 42. Qe2 Qa5 43. Nc3 Qa1+ 44. Nb1 Rd8 45. Qe1 R4d7 46.
Qe2 Qa7 47. Nc3 Qg1+ 48. Kb2 Ra8 49. Nb1 Rd1 50. Nc3 Rd2 0-1

[Event "Ontario op"]
[Site "Brantford CAN"]
[Date "2015.05.16"]
[Round "1.1"]
[White "Li, Yinshi"]
[Black "Sambuev, Bator"]
[Result "1/2-1/2"]
[WhiteElo "2201"]
[BlackElo "2659"]
[PlyCount "128"]
[EventDate "2015.05.16"]
[EventType "swiss"]
[EventRounds "6"]
[EventCountry "CAN"]

1. d4 Nf6 2. c4 e6 3. Nf3 b6 4. g3 Ba6 5. b3 b5 6. Qc2 bxc4 7. bxc4 c5 8. Bg2
Nc6 9. Bb2 Rc8 10. Nbd2 cxd4 11. Nxd4 Na5 12. O-O Nxc4 13. Nxc4 Rxc4 14. Qb3
Qb6 15. Qxb6 axb6 16. Rfc1 d5 17. e3 Kd7 18. a4 Rxc1+ 19. Rxc1 Bd6 20. Nb5 Rc8
21. Rxc8 Bxc8 22. Nxd6 Kxd6 23. Ba3+ Kc7 24. Bf3 g6 25. Bb2 Nd7 26. Bc3 Nc5 27.
a5 b5 28. Bh1 Kc6 29. f3 Na6 30. Kf2 Kc5 31. Ke1 Nb8 32. Kd2 Nc6 33. f4 b4 34.
Bg7 Nxa5 35. Bf8+ Kb6 36. Bxb4 Nc6 37. Bc3 Ba6 38. Bg2 f5 39. Bf3 Kc5 40. Bd1
Bb5 41. g4 Kd6 42. gxf5 exf5 43. h4 h5 44. Bb3 Nd8 45. Be5+ Kc5 46. Kc3 Nf7 47.
Bg7 Kd6 48. Kd4 Bc4 49. Bxc4 dxc4 50. Kxc4 Ke6 51. Bf8 g5 52. fxg5 Ne5+ 53. Kd4
Nf3+ 54. Kd3 Nxh4 55. Ke2 Ng6 56. Bc5 Kf7 57. Bd6 Ke6 58. Bb8 Nf8 59. Kf3 Nd7
60. Bc7 Nc5 61. Kf4 h4 62. g6 Nd3+ 63. Kg5 h3 64. g7 Kf7 1/2-1/2

[Event "Ontario op"]
[Site "Brantford CAN"]
[Date "2015.05.16"]
[Round "2.1"]
[White "Sambuev, Bator"]
[Black "Buscar, Michael"]
[Result "1-0"]
[WhiteElo "2659"]
[BlackElo "2261"]
[PlyCount "83"]
[EventDate "2015.05.16"]
[EventType "swiss"]
[EventRounds "6"]
[EventCountry "CAN"]

1. e4 c5 2. Nf3 Nc6 3. Bb5 Nf6 4. Nc3 a6 5. Bxc6 bxc6 6. O-O g6 7. e5 Nd5 8.
Ne4 Bg7 9. Nxc5 O-O 10. d4 d6 11. Nd3 Nc7 12. Re1 Ne6 13. c3 Qc7 14. Ng5 c5 15.
exd6 exd6 16. d5 Nxg5 17. Bxg5 f6 18. Bd2 Rb8 19. c4 Bf5 20. Bc3 Qd7 21. Qd2
Rfe8 22. h3 g5 23. f3 Bg6 24. Nf2 Rxe1+ 25. Rxe1 Re8 26. b3 h6 27. Rxe8+ Qxe8
28. f4 Qe7 29. g3 Kh7 30. Kh2 Kg8 31. Ng4 Kf7 32. Qf2 gxf4 33. gxf4 Qe4 34. Ne3
Qd3 35. f5 Bh5 36. Be1 Be2 37. Qf4 h5 38. Ng2 Bf3 39. Bf2 Qe4 40. Qxd6 Bxg2 41.
Qe6+ Kf8 42. Bxc5# 1-0

[Event "McGill op"]
[Site "Montreal CAN"]
[Date "2015.05.01"]
[Round "1"]
[White "Sambuev, Bator"]
[Black "Fan, Run Kun"]
[Result "1-0"]
[WhiteElo "2546"]
[BlackElo "2011"]
[PlyCount "69"]
[EventDate "2015.05.01"]
[EventType "swiss"]
[EventRounds "5"]
[EventCountry "CAN"]

1. e4 e5 2. Nf3 Nc6 3. Bb5 a6 4. Bxc6 dxc6 5. Nc3 Bd6 6. d4 Bg4 7. dxe5 Bxf3 8.
Qxf3 Bxe5 9. Bf4 Qf6 10. Bxe5 Qxe5 11. Qg3 Qxg3 12. hxg3 O-O-O 13. Rd1 Nf6 14.
f3 h6 15. g4 Rhe8 16. Rxd8+ Rxd8 17. Ke2 c5 18. Nd1 Ng8 19. g5 c6 20. Ne3 Kd7
21. Ng4 hxg5 22. Rh7 Nh6 23. Nxh6 gxh6 24. Rxf7+ Kc8 25. Rh7 Rd6 26. g3 b5 27.
e5 Rd5 28. f4 gxf4 29. gxf4 Rd4 30. Kf3 Rd2 31. e6 Kd8 32. f5 Rxc2 33. f6 Rc1
34. Rh8+ Kc7 35. e7 1-0

[Event "McGill op"]
[Site "Montreal CAN"]
[Date "2015.05.02"]
[Round "2"]
[White "Libersan, Thierry"]
[Black "Sambuev, Bator"]
[Result "0-1"]
[WhiteElo "2123"]
[BlackElo "2546"]
[PlyCount "50"]
[EventDate "2015.05.01"]
[EventType "swiss"]
[EventRounds "5"]
[EventCountry "CAN"]

1. d4 d5 2. c4 e6 3. Nf3 c6 4. e3 Bd6 5. Nc3 f5 6. Qc2 Nh6 7. Bd2 O-O 8. h3 Nd7
9. O-O-O b5 10. cxb5 c5 11. dxc5 Nxc5 12. Nd4 a6 13. b3 axb5 14. Ndxb5 Ba6 15.
Nxd6 Qxd6 16. Bxa6 Qxa6 17. Kb1 Nf7 18. Bc1 Ne5 19. Rd4 Rfb8 20. Rhd1 Nc4 21.
Rxc4 dxc4 22. Rd4 Nd3 23. g4 Nb4 24. Qe2 Nxa2 25. Qxc4 Nxc3+ 0-1

[Event "McGill op"]
[Site "Montreal CAN"]
[Date "2015.05.02"]
[Round "3"]
[White "Sambuev, Bator"]
[Black "Yu, Zong Yang"]
[Result "1-0"]
[WhiteElo "2546"]
[BlackElo "2205"]
[PlyCount "85"]
[EventDate "2015.05.01"]
[EventType "swiss"]
[EventRounds "5"]
[EventCountry "CAN"]

1. e4 c5 2. Ne2 Nc6 3. d4 cxd4 4. Nxd4 Nf6 5. Nc3 d6 6. Bg5 e6 7. Bb5 Bd7 8.
Bxc6 Bxc6 9. Nxc6 bxc6 10. Qf3 Be7 11. e5 Nd5 12. Bxe7 Qxe7 13. exd6 Qxd6 14.
O-O O-O 15. Ne4 Qc7 16. c4 Ne7 17. Qg3 e5 18. c5 Rab8 19. Nd6 Ng6 20. Qc3 Kh8
21. g3 f5 22. Rfe1 Qd7 23. f3 Qe6 24. b3 h5 25. Nc4 Rbe8 26. Nxe5 f4 27. Nxg6+
Qxg6 28. Rxe8 Rxe8 29. Re1 Rd8 30. Qe5 fxg3 31. hxg3 a5 32. Kf2 Rd5 33. Qe8+
Qxe8 34. Rxe8+ Kh7 35. Ke3 Rxc5 36. Kd4 Rg5 37. Re5 Kg6 38. Rxg5+ Kxg5 39. a4
Kf5 40. b4 Ke6 41. bxa5 Kd6 42. f4 Kc7 43. Kc5 1-0

[Event "McGill op"]
[Site "Montreal CAN"]
[Date "2015.05.03"]
[Round "5"]
[White "Sambuev, Bator"]
[Black "Yao, Sammy"]
[Result "1-0"]
[WhiteElo "2546"]
[BlackElo "2005"]
[PlyCount "55"]
[EventDate "2015.05.01"]
[EventType "swiss"]
[EventRounds "5"]
[EventCountry "CAN"]

1. e4 d6 2. d4 g6 3. Nc3 Bg7 4. Bg5 a6 5. f4 b5 6. Bd3 Bb7 7. Nf3 Nf6 8. e5 Nd5
9. Nxd5 Bxd5 10. O-O Nd7 11. exd6 cxd6 12. c3 O-O 13. f5 Nf6 14. Qe1 Rc8 15.
Qh4 Bc4 16. Bxc4 Rxc4 17. Bh6 Nh5 18. Bxg7 Kxg7 19. Ng5 h6 20. fxg6 hxg5 21.
Qxh5 fxg6 22. Rxf8 Qxf8 23. Qxg5 Qf6 24. Qe3 b4 25. Rf1 Qh4 26. g3 Qg4 27.
Qxe7+ Kh6 28. Qf8+ 1-0

[Event "Aurora Spring op"]
[Site "Aurora CAN"]
[Date "2015.03.14"]
[Round "1.1"]
[White "Cai, Jason"]
[Black "Sambuev, Bator"]
[Result "0-1"]
[WhiteElo "2151"]
[BlackElo "2662"]
[PlyCount "102"]
[EventDate "2015.03.14"]
[EventType "swiss"]
[EventRounds "5"]
[EventCountry "CAN"]

1. e4 e6 2. d4 d5 3. Nd2 Nf6 4. e5 Nfd7 5. Bd3 c5 6. c3 Nc6 7. Ne2 Be7 8. O-O
c4 9. Bc2 b5 10. a3 Nb6 11. f4 g6 12. Nf3 Kd7 13. Be3 a5 14. g4 h5 15. h3 Kc7
16. Kg2 Bd7 17. Ng3 h4 18. Ne2 b4 19. axb4 axb4 20. Rxa8 Qxa8 21. cxb4 Nxb4 22.
Nc3 Na2 23. Bb1 Nxc3 24. bxc3 Qa3 25. Bd2 Na4 26. Qe1 Rb8 27. Bc2 Rb2 28. Bxa4
Bxa4 29. Rf2 Qa2 30. Bc1 Rxf2+ 31. Qxf2 Bc2 32. Ng5 Qb1 33. Qd2 Bxg5 34. fxg5
Kc6 35. Kf2 Kb5 36. Qe1 Ka4 37. Be3 Qa2 38. Qd2 Kb3 39. Qe1 Be4+ 40. Bd2 Qc2
41. Qe2 Bd3 42. Qe1 Be4 43. Qe2 Qd3 44. Qd1+ Kb2 45. Qc1+ Kb3 46. Qd1+ Ka2 47.
Qa4+ Kb2 48. Qb4+ Kc2 49. Be3 Qxc3 50. Qa4+ Qb3 51. Qa1 Qb2 0-1

[Event "Aurora Spring op"]
[Site "Aurora CAN"]
[Date "2015.03.14"]
[Round "2.1"]
[White "Sambuev, Bator"]
[Black "Cormier, Adam"]
[Result "1-0"]
[WhiteElo "2662"]
[BlackElo "2167"]
[PlyCount "55"]
[EventDate "2015.03.14"]
[EventType "swiss"]
[EventRounds "5"]
[EventCountry "CAN"]

1. e4 c5 2. Nf3 d6 3. d4 cxd4 4. Nxd4 Nf6 5. Nc3 a6 6. Bc4 e6 7. Bb3 b5 8. Qf3
Qc7 9. Bg5 Be7 10. e5 Bb7 11. exd6 Bxd6 12. Qe3 O-O 13. O-O-O Ng4 14. Qd2 Be5
15. Nxe6 fxe6 16. Bxe6+ Kh8 17. Bxg4 Bxc3 18. Qxc3 Qxc3 19. bxc3 Bxg2 20. Rhg1
Bb7 21. Be7 Re8 22. Bc5 Nc6 23. Rd7 Bc8 24. Rc7 Ne5 25. Bh5 g6 26. Bd4 Kg8 27.
f4 Nd7 28. f5 1-0

[Event "Aurora Spring op"]
[Site "Aurora CAN"]
[Date "2015.03.15"]
[Round "4.1"]
[White "Sambuev, Bator"]
[Black "Tonakanian, Stephan"]
[Result "1-0"]
[WhiteElo "2662"]
[BlackElo "1932"]
[PlyCount "55"]
[EventDate "2015.03.14"]
[EventType "swiss"]
[EventRounds "5"]
[EventCountry "CAN"]

1. e4 e6 2. Nf3 d5 3. e5 c5 4. b4 cxb4 5. a3 Nc6 6. axb4 Qc7 7. d4 Bxb4+ 8. c3
Be7 9. Na3 a6 10. Nb5 Qb8 11. Nd6+ Bxd6 12. exd6 Qxd6 13. Bd3 Nf6 14. Ba3 Qc7
15. O-O Ne7 16. Ne5 O-O 17. f4 Re8 18. Rf3 Ne4 19. Rh3 Ng6 20. Bxe4 dxe4 21.
Qh5 h6 22. Rf1 Bd7 23. Ng4 Nxf4 24. Nxh6+ gxh6 25. Rg3+ Ng6 26. Rxg6+ fxg6 27.
Qxg6+ Kh8 28. Rf7 1-0

[Event "Carnaval"]
[Site "Quebec CAN"]
[Date "2015.02.22"]
[Round "4"]
[White "Sambuev, Bator"]
[Black "Hamilton, Robert"]
[Result "0-1"]
[WhiteElo "2572"]
[BlackElo "2241"]
[Annotator "Jean-Roger"]
[PlyCount "72"]
[EventDate "2015.02.20"]
[EventType "swiss"]
[EventRounds "5"]
[EventCountry "CAN"]

1. d4 Nf6 2. Nf3 e6 3. e3 b6 4. Bd3 Bb7 5. O-O c5 6. c4 Be7 7. Nc3 cxd4 8. exd4
d5 9. cxd5 Nxd5 10. Ne5 O-O 11. Qg4 f5 12. Qe2 Bf6 13. Bc4 a6 14. Nxd5 Bxd5 15.
Bf4 b5 16. Bxd5 Qxd5 17. Rac1 Nd7 18. Nc6 Qxa2 19. Be5 Rfe8 20. Rc3 Nxe5 21.
dxe5 Be7 22. Rd1 Bf8 23. h4 b4 24. Rc4 Qa4 25. Qd3 Qb5 26. b3 a5 27. h5 h6 28.
g4 fxg4 29. Qg6 Qb7 30. Nxa5 Qf3 31. Rd3 Qe2 32. Rd7 Qxe5 33. Nc6 Qe1+ 34. Kg2
Kh8 35. Re4 Qc3 36. Ne5 Qh3+ 0-1

[Event "RA Winter op"]
[Site "Ottawa CAN"]
[Date "2015.01.16"]
[Round "1"]
[White "Yang, Michael"]
[Black "Sambuev, Bator"]
[Result "0-1"]
[WhiteElo "2087"]
[BlackElo "2653"]
[PlyCount "100"]
[EventDate "2015.01.16"]
[EventType "swiss"]
[EventRounds "5"]
[EventCountry "CAN"]

1. e4 e6 2. d4 d5 3. exd5 exd5 4. Nf3 Nc6 5. Bf4 Bd6 6. Bxd6 Qxd6 7. Bd3 Bg4 8.
c3 O-O-O 9. O-O Nge7 10. Nbd2 Ng6 11. Qc2 Kb8 12. Bf5 h5 13. Bxg6 fxg6 14. Rfe1
h4 15. h3 Bf5 16. Qc1 Rdf8 17. Ne5 Nd8 18. Ndf3 Rh5 19. Ng5 Qf6 20. f4 Bc8 21.
Rf1 Ne6 22. Nxe6 Bxe6 23. Rf3 Bf5 24. Qe3 Kc8 25. Raf1 Be4 26. R3f2 Qa6 27. Qe2
Qxe2 28. Rxe2 Rf6 29. Ref2 Kd8 30. Kh2 Rhf5 31. Ng4 Ra6 32. a3 Rb6 33. Ne3 Rf8
34. Ng4 a5 35. Ne5 Rb3 36. g3 Rf6 37. Re1 hxg3+ 38. Kxg3 b5 39. h4 b4 40. axb4
axb4 41. Re3 Ra6 42. Kg4 bxc3 43. bxc3 Raa3 44. Nf7+ Kd7 45. Ng5 Bf5+ 46. Kg3
Rxc3 47. Rxc3 Rxc3+ 48. Nf3 Be4 49. Kg4 Kd6 50. Kg3 c5 0-1

[Event "RA Winter op"]
[Site "Ottawa CAN"]
[Date "2015.01.17"]
[Round "2"]
[White "Sambuev, Bator"]
[Black "De Kerpel, Stijn"]
[Result "1-0"]
[WhiteElo "2653"]
[BlackElo "2179"]
[PlyCount "51"]
[EventDate "2015.01.16"]
[EventType "swiss"]
[EventRounds "5"]
[EventCountry "CAN"]

1. d4 Nf6 2. c4 e6 3. Nc3 Bb4 4. e3 O-O 5. Bd3 c5 6. Nf3 d5 7. O-O Nc6 8. cxd5
exd5 9. h3 c4 10. Bc2 Re8 11. Nd2 Rb8 12. Qf3 Be6 13. Ne2 Qd7 14. Rd1 Rbd8 15.
Nf1 a6 16. Nfg3 Ne7 17. Nf4 Bd6 18. Bd2 Ng6 19. Nfh5 Nxh5 20. Qxh5 Bxg3 21.
fxg3 Qc7 22. g4 Qg3 23. Rf1 b5 24. Rf4 Nxf4 25. Qxh7+ Kf8 26. Bb4+ 1-0

[Event "RA Winter op"]
[Site "Ottawa CAN"]
[Date "2015.01.18"]
[Round "4"]
[White "Sambuev, Bator"]
[Black "Gelblum, Robert"]
[Result "1-0"]
[WhiteElo "2653"]
[BlackElo "2256"]
[PlyCount "51"]
[EventDate "2015.01.16"]
[EventType "swiss"]
[EventRounds "5"]
[EventCountry "CAN"]

1. d4 Nf6 2. c4 c5 3. e3 g6 4. Nc3 Bg7 5. Nf3 O-O 6. Be2 cxd4 7. exd4 d5 8. O-O
dxc4 9. Bxc4 Bg4 10. Re1 Nc6 11. d5 Na5 12. Bf1 Rc8 13. Be3 a6 14. Rc1 Bxf3 15.
Qxf3 Nc4 16. Bd4 Nd6 17. g3 Qd7 18. Rcd1 Rfe8 19. h4 h5 20. Ne2 Ng4 21. Bh3 Ne5
22. Bxe5 Qxh3 23. Nf4 Qf5 24. Bxg7 Kxg7 25. Re2 Rc2 26. Nxh5+ 1-0

[Event "RA Winter op"]
[Site "Ottawa CAN"]
[Date "2015.01.18"]
[Round "5"]
[White "Davies, Alex"]
[Black "Sambuev, Bator"]
[Result "0-1"]
[WhiteElo "2280"]
[BlackElo "2653"]
[PlyCount "62"]
[EventDate "2015.01.16"]
[EventType "swiss"]
[EventRounds "5"]
[EventCountry "CAN"]

1. e4 e6 2. d4 d5 3. Nc3 Bb4 4. e5 c5 5. a3 Ba5 6. b4 cxd4 7. bxa5 dxc3 8. Qg4
Ne7 9. Qxg7 Rg8 10. Qxh7 Nbc6 11. Nf3 Qc7 12. Bf4 Bd7 13. a6 O-O-O 14. axb7+
Kb8 15. Qd3 Rg4 16. Bg3 d4 17. Be2 Nf5 18. O-O Nce7 19. Rab1 Bc6 20. Ne1 Rg7
21. Bf3 Nxg3 22. fxg3 Qxe5 23. Bxc6 Nxc6 24. Nf3 Qd6 25. Qc4 f6 26. Ne1 Ne5 27.
Qb5 Rc7 28. Rxf6 d3 29. Nxd3 Nxd3 30. Qxd3 Qc5+ 31. Kh1 Rxd3 0-1

[Event "Olympiad"]
[Site "Tromso NOR"]
[Date "2014.08.02"]
[Round "1.3"]
[White "Goorsahye, Antoine"]
[Black "Sambuev, Bator"]
[Result "0-1"]
[WhiteElo "1760"]
[BlackElo "2528"]
[PlyCount "58"]
[EventDate "2014.08.02"]
[EventType "swiss"]
[EventRounds "11"]
[EventCountry "NOR"]
[Source "Chess Mix"]
[SourceDate "2014.08.01"]
[WhiteTeam "Mauritius"]
[BlackTeam "Canada"]
[WhiteTeamCountry "MRI"]
[BlackTeamCountry "CAN"]

1. e4 e6 2. d4 d5 3. Nc3 Bb4 4. exd5 exd5 5. Bd3 Nc6 6. Nge2 Nge7 7. Bg5 f6 8.
Be3 Bf5 9. O-O Qd7 10. Ng3 Bg6 11. Re1 O-O-O 12. a3 Bxc3 13. bxc3 h5 14. Bxg6
Nxg6 15. Nxh5 Nh4 16. Ng3 g5 17. Qd3 Na5 18. Reb1 Nc4 19. Rb4 Rde8 20. Rab1 b6
21. a4 Nxg2 22. Kxg2 Qh3+ 23. Kf3 g4+ 24. Ke2 Rxe3+ 25. Qxe3 Nxe3 26. Kxe3 Qxh2
27. Rf1 Qg2 28. Kd2 Rh3 29. Ke2 Rxg3 0-1

[Event "Capablanca mem. Premier"]
[Site "Havana CUB"]
[Date "2014.05.08"]
[Round "1.2"]
[White "Sambuev, Bator"]
[Black "Bacallao Alonso, Yusnel"]
[Result "1-0"]
[WhiteElo "2562"]
[BlackElo "2522"]
[PlyCount "59"]
[EventDate "2014.05.08"]
[EventType "tourn"]
[EventRounds "9"]
[EventCountry "CUB"]
[Source "Chess Mix"]

1. Nf3 Nf6 2. c4 g6 3. Nc3 d5 4. cxd5 Nxd5 5. h4 h6 6. e4 Nxc3 7. bxc3 Bg7 8.
d4 c5 9. Be2 Nd7 10. O-O O-O 11. Bf4 Nf6 12. Qd3 Bg4 13. Rab1 Nh5 14. Bh2 cxd4
15. cxd4 b6 16. d5 e6 17. d6 e5 18. Rb5 Nf4 19. Bxf4 exf4 20. Rd1 Rc8 21. h5
Bd7 22. Rd5 Be6 23. hxg6 fxg6 24. d7 Rc3 25. Qd2 Bxd5 26. Qxd5+ Kh7 27. e5 Rc5
28. Qe6 Rg8 29. Bc4 Rxc4 30. Qxc4 1-0

[Event "Capablanca mem. Premier"]
[Site "Havana CUB"]
[Date "2014.05.18"]
[Round "9.4"]
[White "Gonzalez Vidal, Yuri"]
[Black "Sambuev, Bator"]
[Result "1-0"]
[WhiteElo "2561"]
[BlackElo "2562"]
[PlyCount "93"]
[EventDate "2014.05.08"]
[EventType "tourn"]
[EventRounds "9"]
[EventCountry "CUB"]
[Source "Chess Mix"]

1. Nf3 d5 2. c4 e6 3. g3 dxc4 4. Qa4+ Nd7 5. Bg2 a6 6. Qxc4 b5 7. Qc2 Bb7 8.
O-O Ngf6 9. a4 Be7 10. Nc3 b4 11. Nb1 a5 12. d3 O-O 13. Nbd2 c5 14. e4 Rc8 15.
Nc4 Nb8 16. Nfe5 Ne8 17. f4 f6 18. Nf3 Nc6 19. Be3 Nd4 20. Bxd4 cxd4 21. Qe2
Ba6 22. Nfd2 Bc5 23. Bh3 Rc6 24. Rac1 Bb6 25. Ne5 Rd6 26. Nc6 Qd7 27. Nb8 Qb7
28. Nxa6 Qxa6 29. e5 Rd8 30. Bxe6+ Kh8 31. Ne4 Qb7 32. Bb3 h6 33. e6 f5 34. Ng5
Qe7 35. Nf7+ Kh7 36. Nxd8 Bxd8 37. Qe5 h5 38. Rc6 h4 39. Rfc1 Rf6 40. Qc5 Qb7
41. Qd5 Be7 42. Qd7 Qa8 43. Qxe7 hxg3 44. hxg3 Rh6 45. Bd5 Nf6 46. Bf3 Ng8 47.
Qxg7+ 1-0

[Event "Isthmia op"]
[Site "Vrachati GRE"]
[Date "2013.08.18"]
[Round "1.8"]
[White "Nathanail, Emanouel"]
[Black "Sambuev, Bator"]
[Result "0-1"]
[WhiteElo "2028"]
[BlackElo "2524"]
[PlyCount "92"]
[EventDate "2013.08.18"]
[EventType "swiss"]
[EventRounds "9"]
[EventCountry "GRE"]
[Source "Mark Crowther"]
[SourceDate "2013.08.19"]

1. e4 e6 2. d3 c5 3. Nf3 Nc6 4. g3 g6 5. Bg2 Bg7 6. O-O Nge7 7. c3 O-O 8. d4
cxd4 9. cxd4 d5 10. e5 h6 11. Nc3 Nf5 12. g4 Nh4 13. Nxh4 Qxh4 14. f4 f5 15.
gxf5 Rxf5 16. Rf3 Bd7 17. Rh3 Qd8 18. Be3 Ne7 19. Rg3 Rf7 20. Bh3 Kh7 21. Qd2
Nf5 22. Bxf5 Rxf5 23. Qg2 Qe8 24. Kh1 Qf7 25. Rg1 Be8 26. Qd2 Rc8 27. Rh3 Qc7
28. Rhg3 a6 29. Qg2 Qf7 30. Nd1 Rh5 31. Qd2 Qf5 32. R1g2 Rh3 33. Bg1 Rxg3 34.
hxg3 g5 35. fxg5 hxg5 36. Qe2 Bg6 37. Nc3 b5 38. Rf2 Qd3 39. Qg4 Re8 40. Qxg5
b4 41. Ne2 Be4+ 42. Kh2 Rh8 43. Nf4 Qxd4 44. Rc2 Qxe5 45. Qh4+ Kg8 46. Rc8+ Bf8
0-1

[Event "Isthmia op"]
[Site "Vrachati GRE"]
[Date "2013.08.19"]
[Round "2.7"]
[White "Sambuev, Bator"]
[Black "Makka, Evanthia"]
[Result "1/2-1/2"]
[WhiteElo "2524"]
[BlackElo "2122"]
[PlyCount "185"]
[EventDate "2013.08.18"]
[EventType "swiss"]
[EventRounds "9"]
[EventCountry "GRE"]
[Source "Mark Crowther"]
[SourceDate "2013.08.19"]

1. d4 f5 2. c3 Nf6 3. Bg5 e6 4. Nd2 Be7 5. Qc2 d5 6. Ngf3 O-O 7. h3 c5 8. e3
Nc6 9. Bb5 Bd7 10. Nb3 b6 11. Bxc6 Bxc6 12. O-O Ba4 13. Qe2 Qe8 14. Rfc1 Bb5
15. Qe1 a5 16. Nbd2 a4 17. Ne5 h6 18. Bf4 g5 19. Bh2 Qh5 20. f3 Ra7 21. c4 Be8
22. dxc5 Bxc5 23. Nd3 Be7 24. Be5 Bd8 25. cxd5 exd5 26. Rc8 Bb5 27. Nf2 Qf7 28.
Rac1 Qe6 29. Bd4 Be7 30. Rxf8+ Kxf8 31. a3 Kf7 32. Rc3 Bd8 33. Qc1 Qd6 34. Nd3
Nd7 35. Qc2 Rc7 36. f4 Rxc3 37. Bxc3 Qe6 38. Ne5+ Nxe5 39. Bxe5 Bd7 40. Nf3 Qc6
41. Qd2 g4 42. Nd4 Qg6 43. Kh2 h5 44. Nc2 Be6 45. Nb4 Be7 46. Nc6 Bc5 47. Bd4
Bd6 48. Be5 Bc5 49. Bc3 Bd6 50. Bb4 Bc7 51. Qf2 Bd7 52. Nd4 Bd8 53. Bc3 h4 54.
Qe1 Be7 55. g3 gxh3 56. Nf3 Qxg3+ 57. Qxg3 hxg3+ 58. Kxh3 Bd6 59. Kxg3 Bc8 60.
Be5 Be7 61. Bd4 b5 62. Bc3 Bc5 63. Ng5+ Kg6 64. Kf2 Be7 65. Nf3 Bd6 66. Ke2 Ba6
67. Bb4 Bc7 68. Kd3 Bb7 69. Kd4 Bb6+ 70. Bc5 Bc7 71. Bb4 Bb6+ 72. Ke5 Bxe3 73.
Nh4+ Kh5 74. Nxf5 Bc1 75. Bc3 Kg4 76. Nd4 Bxf4+ 77. Ke6 Be3 78. Nxb5 Bc5 79.
Ke5 Bc6 80. Nc7 Bf8 81. Nxd5 Kf3 82. Kd4 Ke2 83. Nf4+ Kd1 84. Kc4 Be8 85. Nd3
Bf7+ 86. Kb5 Be8+ 87. Kc4 Bf7+ 88. Kb5 Be8+ 89. Ka5 Kc2 90. Ne1+ Kb3 91. Nf3
Bxa3 92. Nd2+ Kc2 93. bxa3 1/2-1/2

[Event "Isthmia op"]
[Site "Vrachati GRE"]
[Date "2013.08.19"]
[Round "3.11"]
[White "Soukos, Konstantinos"]
[Black "Sambuev, Bator"]
[Result "1/2-1/2"]
[WhiteElo "2124"]
[BlackElo "2524"]
[PlyCount "106"]
[EventDate "2013.08.18"]
[EventType "swiss"]
[EventRounds "9"]
[EventCountry "GRE"]
[Source "Mark Crowther"]
[SourceDate "2013.08.19"]

1. e4 e6 2. Nc3 d5 3. d4 Bb4 4. Bd3 c5 5. a3 Bxc3+ 6. bxc3 c4 7. Bf1 Qa5 8. Bd2
Nf6 9. e5 Ne4 10. Ne2 O-O 11. Ng3 Nxd2 12. Qxd2 Nd7 13. Be2 f6 14. f4 fxe5 15.
fxe5 Nb6 16. Bf3 Na4 17. Ne2 Bd7 18. O-O Qd8 19. g3 h6 20. h4 b5 21. Kg2 Qe7
22. Nf4 Rxf4 23. Qxf4 Nxc3 24. Qd2 Na4 25. Bh5 Be8 26. Bxe8 Qxe8 27. Rf4 Qg6
28. Raf1 Nb6 29. Qf2 c3 30. Qe2 Nc4 31. R1f3 Nxa3 32. Rxc3 Nc4 33. Rg4 Qf5 34.
Rf4 Qg6 35. Rg4 Qh7 36. h5 Qf5 37. Rf4 Qg5 38. Rg4 Qc1 39. Rf3 a5 40. Qd3 Qd2+
41. Qxd2 Nxd2 42. Rf6 Nc4 43. Kf2 a4 44. Rxh6 a3 45. Rxe6 Kf7 46. Reg6 Nxe5 47.
dxe5 a2 48. Rxg7+ Ke6 49. R4g6+ Kxe5 50. Re7+ Kf5 51. Rf7+ Ke5 52. Re7+ Kf5 53.
Rf7+ Ke5 1/2-1/2